| Поле | Название | Значение |
| |
Тип записи |
a |
| |
Библиографический уровень |
m |
| 001 |
Контрольный номер |
RU/SLIB/B/208755592 |
| 005 |
Дата корректировки |
20201206204150.9 |
| 010 |
Индекс ISBN |
__ |
| d |
Цена |
1-06 |
| 101 |
Язык документа |
__ |
| a |
Язык текста |
rus |
| 200 |
Заглавие и сведения об ответственности |
__ |
| a |
Заглавие |
О музыке и музыкантах наших дней |
| f |
Первые сведения об ответственности |
Хентова С. М. |
| b |
Общее обозначение материала |
Текст |
| 210 |
Выходные данные |
__ |
| a |
Место издания |
Л. |
| c |
Издательство |
Совет. композитор |
| d |
Дата издания |
1976 |
| 215 |
Физическое описание |
__ |
| a |
Объем |
359 с. |
| 330 |
Аннотация |
__ |
| a |
Аннотация |
Сборник знакомит читателя с широким кругом явлений, событий и проблем музыкальной жизни 40-60-х годов XX века. Первый раздел - «Этюды о советских композиторах» - содержит портреты Д. Шостаковича, И. Дунаевского, Ю. Шапорина, Т. Хренникова, В. Соловьева-Седого, Д. Кабалевского, А. Петрова, В. Баснера, B. Успенского и других композиторов. Следующий раздел «О музыкантах-исполнителях» посвящен артистической деятельности Е. Мравинского, Д. Ойстраха, Л. Оборина, К. Кондрашина, Ю. Темирканова, C. Рихтера, В. Клайберна, А. Иохелеса, М. Федоровой и др. Значительное место уделено пяти музыкальным конкурсам им. Чайковского и ряду международных фестивалей. Интересный материал помещен в разделе «Зарубежные интермеццо», где рассказывается о встречах с Альфредом Корто, Маргаритой Лонг, младшей дочерью С. Рахманинова. Завершается сборник рецензиями на книги о музыке и статьями о музыкальном воспитании. |
| 606 |
Тематические рубрики |
__ |
| a |
Основная рубрика |
Музыка и зрелищные искусства |
| y |
Географическая подрубрика |
СССР |
| 606 |
Тематические рубрики |
__ |
| a |
Основная рубрика |
История музыки |
| 610 |
Ключевые слова |
__ |
| a |
Ключевые слова |
композиторы |
| a |
Ключевые слова |
музыканты; музыкальные произведения; персоналии; музыкальные исполнители; музыкальная литература |
| a |
Ключевые слова |
пианисты |
| a |
Ключевые слова |
русские композиторы |
| a |
Ключевые слова |
русские музыканты |
| 686 |
Индексы других классификаций |
__ |
| a |
Классификационный индекс |
85.313(2=411.2)6 |
| 700 |
Автор |
_1 |
| a |
Фамилия |
Хентова |
| b |
Имя |
С. М. |
| 4 |
Код отношения |
070 |
| 801 |
Источник записи |
_0 |
| a |
Страна |
RU |
| b |
Организация |
Муниципальное бюджетное учреждение культуры "Централизованная библиотечная система" г. Сургут (Центральная городская библиотека им. А. С. Пушкина) |
| g |
Правила каталогизации |
КиК/Уланова |
| 801 |
Источник записи |
_1 |
| a |
Страна |
RU |
| b |
Организация |
Муниципальное бюджетное учреждение культуры "Централизованная библиотечная система" г. Сургут (Центральная городская библиотека им. А. С. Пушкина) |
| g |
Правила каталогизации |
КиК/Уланова |
| 852 |
Данные о местонахождении |
__ |
| j |
Шифр хранения |
85.313(2=411.2)6 |
| c |
Каталожный индекс |
85.313(2)6 |
| i |
Авторский знак |
Х 38 |
| p |
Инвентарный номер |
63713(с) |
| 901 |
Тип документа |
__ |
| t |
Тип документа |
m |
| 990 |
Данные о заказе (DOS) |
__ |
| j |
Количество экземпляров (DOS) |
1 |